LEADER 01063nam a2200253 i 4500 001 000000035753 003 CaOOAMICUS 005 20120404000000.0 008 120404s1968 it u000 u ita u 013 $a4301 040 $aSeMil$bita 100 1 $aDöpfner, Julius.$0(OLS)http://semarc/name/16741 240 14$aDer Priester im Umbruch der gegenwärtigen Stunde der Kirche.$0(OLS)http://semarc/title/49155 245 13$aIl sacerdote nell'attuale evoluzione della Chiesa /$cJulius card. Döpfner. 260 $aTrento :$bPubblicazioni religiose,$ccopyr. 1968. 300 $a36 p. ;$c21 cm. 490 0 $aSacerdos ;$v1 650 4$aSacerdozio.$0(OLS)http://semarc/subject/255 830 0$aSacerdos ;$v1.$0(OLS)http://semarc/title/6721 850 $aSeMil 852 $aSeMil$W1$xVenegono$y1$m2C V 182$j1908$B1908$CSeMilBibl$Z2$F1908 $81 961 $aOmaggio: Deposito 996 $6245$aIl sacerdote nell'attuale evoluzione della Chiesa$9(OLS)http://semarc/title/49154 996 $6260$aTrento :$bPubblicazioni religiose$9(OLS)http://semarc/publisher/35959 LEADER 00495nab a2200145 i 4500 001 000000314805 003 CaOOAMICUS 005 20180831173138.0 008 180831n xx uu u0 0und r 013 $a23893 040 $aSeMil$bita 100 1 $aFestorazzi, Franco .$0(OLS)http://semarc/name/13811 245 13$aLa creazione nelle storia della salvezza. 773 0 $t[Gennaio-Dicembre].$g3-27$w()274255 996 $6245$aLa creazione nelle storia della salvezza$9(OLS)http://semarc/title/388935